000 00486cam a2200193ua 4500
001 2472
005 20260515113513.0
008 110823n ii |||gr||||Z||||||asm
040 _cMAIN
082 _a398
100 1 _aNeog, Maheswar,
_eAuthor.
245 1 _aHimantar shiksha aru sanskritik niti
_cby Maheswar Neog
250 _a1st.
260 _aJorhat:
_bAssam Sahitya Sabha,962.
300 _a103p:
_bill;
_c23cm.
653 _aAssamese culture
653 _aFolklore
942 _cBK
999 _c2325
_d2325